INDY 500 Winners - Statistics

General Stats
  • This quiz has been taken 75 times
    8 since last reset
  • The average score is 53 of 112
Answer Stats
Hint Country Answer % Correct
2016 USA (R) Alexander Rossi
80%
2025 ESP Alex Palou
80%
2026 SWE Felix Rosenqvist
80%
1941 USA/USA Floyd Davis/Mauri Rose
80%
2001 BRA (R) Hélio Castroneves
80%
2002 BRA Hélio Castroneves
80%
2009 BRA Hélio Castroneves
80%
2021 BRA Hélio Castroneves
80%
1995 CAN Jacques Villeneuve
80%
2023 USA Josef Newgarden
80%
2024 USA Josef Newgarden
80%
2000 COL (R) Juan Pablo Montoya
80%
2015 COL Juan Pablo Montoya
80%
2022 SWE Marcus Ericsson
80%
1947 USA Mauri Rose
80%
1948 USA Mauri Rose
80%
2019 FRA Simon Pagenaud
80%
2017 JPN Takuma Sato
80%
2020 JPN Takuma Sato
80%
2018 AUS Will Power
80%
1961 USA A.J. Foyt
60%
1964 USA A.J. Foyt
60%
1967 USA A.J. Foyt
60%
1977 USA A.J. Foyt
60%
1970 USA Al Unser
60%
1971 USA Al Unser
60%
1978 USA Al Unser
60%
1987 USA Al Unser
60%
1992 USA Al Unser Jr.
60%
1994 USA Al Unser Jr.
60%
1990 NED Arie Luyendyk
60%
1997 NED Arie Luyendyk
60%
1986 USA Bobby Rahal
60%
1968 USA Bobby Unser
60%
1975 USA Bobby Unser
60%
1981 USA Bobby Unser
60%
2004 USA Buddy Rice
60%
1985 USA Danny Sullivan
60%
2005 GBR Dan Wheldon
60%
2011 GBR Dan Wheldon
60%
2007 SCO Dario Franchitti
60%
2010 SCO Dario Franchitti
60%
2012 SCO Dario Franchitti
60%
1989 BRA Emerson Fittipaldi
60%
1993 BRA Emerson Fittipaldi
60%
2003 BRA Gil de Ferran
60%
1973 USA Gordon Johncock
60%
1982 USA Gordon Johncock
60%
1966 GBR (R) Graham Hill
60%
1999 SWE Kenny Bräck
60%
1969 USA Mario Andretti
60%
1963 USA Parnelli Jones
60%
1979 USA Rick Mears
60%
1984 USA Rick Mears
60%
1988 USA Rick Mears
60%
1991 USA Rick Mears
60%
2014 USA Ryan Hunter-Reay
60%
2006 USA Sam Hornish Jr.
60%
2008 NZL Scott Dixon
60%
1983 USA Tom Sneva
60%
2013 BRA Tony Kanaan
60%
1953 USA Bill Vukovich
40%
1954 USA Bill Vukovich
40%
1996 USA Buddy Lazier
40%
1916 GBR Dario Resta
40%
1998 USA Eddie Cheever
40%
1965 GBR Jim Clark
40%
1960 USA Jim Rathmann
40%
1974 USA Johnny Rutherford
40%
1976 USA Johnny Rutherford
40%
1980 USA Johnny Rutherford
40%
1928 USA (R) Louis Meyer
40%
1933 USA Louis Meyer
40%
1936 USA Louis Meyer
40%
1952 USA Troy Ruttman
40%
1934 USA Bill Cummings
20%
1949 USA Bill Holland
20%
1930 USA Billy Arnold
20%
1938 USA Floyd Roberts
20%
1926 USA (R) Frank Lockhart
20%
1932 USA Fred Frame
20%
1946 USA George Robson
20%
1927 USA (R) George Souders
20%
1919 USA Howdy Wilcox
20%
1958 USA Jimmy Bryan
20%
1922 USA Jimmy Murphy
20%
1912 USA Joe Dawson
20%
1950 USA Johnnie Parsons
20%
1913 FRA (R) Jules Goux
20%
1935 USA Kelly Petillo
20%
1951 USA Lee Wallard
20%
1924 USA/USA L.L. Corum/Joe Boyer
20%
1931 USA Louis Schneider
20%
1972 USA Mark Donohue
20%
1956 USA Pat Flaherty
20%
1925 USA Pete De Paolo
20%
1915 ITA Ralph DePalma
20%
1929 USA Ray Keech
20%
1914 FRA (R) René Thomas
20%
1959 USA Roger Ward
20%
1962 USA Roger Ward
20%
1957 USA Sam Hanks
20%
1921 USA Tommy Milton
20%
1923 USA Tommy Milton
20%
1937 USA Wilbur Shaw
20%
1939 USA Wilbur Shaw
20%
1940 USA Wilbur Shaw
20%
1955 USA Bob Sweikart
0%
1920 FRA Gaston Chevorlet
0%
1917-1918 N/A No races held.
0%
1942-1945 N/A No races held.
0%
1911 USA (R) Ray Horroun
0%
No matching quizzes found
Score Distribution
Percent of People with Each Score
Percentile by Number Answered
Your Score History
You have not taken this quiz since the last reset